Loading...
| Literature - American Literature | 0 | 7 | 0 | 0 | 70 | 99 | 123.29 | 0 | 2 |
| Literature - British Literature | 0 | 6 | 0 | 0 | 60 | 89 | 124.67 | 0 | 1 |
| Mythology | 0 | 5 | 0 | 1 | 50 | 90 | 120.20 | 0 | 3 |
| Literature - World Literature | 0 | 6 | 2 | 0 | 50 | 102 | 127.33 | 0 | 0 |
| Literature - European Literature | 0 | 5 | 0 | 0 | 50 | 97 | 123.60 | 0 | 2 |
| Fine Arts - Classical Music | 0 | 4 | 0 | 0 | 40 | 104 | 123.75 | 0 | 0 |
| Philosophy | 0 | 3 | 0 | 0 | 30 | 111 | 123.67 | 0 | 0 |
| Fine Arts - Other Fine Arts | 0 | 2 | 0 | 0 | 20 | 109 | 115.50 | 0 | 1 |
| History - European History | 0 | 2 | 0 | 2 | 20 | 127 | 135.50 | 0 | 1 |
| History - American History | 0 | 2 | 0 | 1 | 20 | 114 | 129.00 | 0 | 0 |
| Science - Physics | 0 | 2 | 0 | 1 | 20 | 125 | 126.50 | 0 | 0 |
| Science - Chemistry | 0 | 1 | 0 | 1 | 10 | 131 | 131.00 | 0 | 1 |
| Fine Arts - Painting & Sculpture | 0 | 1 | 0 | 1 | 10 | 134 | 134.00 | 0 | 0 |
| Other | 0 | 1 | 0 | 0 | 10 | 97 | 97.00 | 0 | 1 |
| Science - Other Science | 0 | 1 | 0 | 0 | 10 | 111 | 111.00 | 0 | 0 |
| Science - Biology | 0 | 1 | 0 | 0 | 10 | 134 | 134.00 | 0 | 1 |
| Religion | 0 | 1 | 1 | 0 | 5 | 119 | 119.00 | 0 | 1 |
| Social Science | 0 | 0 | 0 | 0 | 0 | 0.00 | 0 | 0 | |
| History - Other History | 0 | 0 | 0 | 0 | 0 | 0.00 | 0 | 0 | |
| History - World History | 0 | 0 | 0 | 0 | 0 | 0.00 | 0 | 0 |